00428nam a22001577a 450000500170000001000150001702000260003203500140005803700130007208200100008510000250009524500430012026000390016327000480020230000200025020170629121825.0 aENG-119035 a9789351867043c250.00 aEN-102561 bDBAD/PUB a813.6 aSingh, Ratneshwar K. aMagic in you /cby Ratneshwar K. Singh aNew DelhibPrabhat Prakashanc2016 a4/19 Asaf Ali Road, New Delhi-110002, India a168pc22cm.(Hb)